000 00516pam a2200181 a 4500
020 _a0849346479 (v. 1)
020 _a0849346487 (v. 2)
040 _cDLC
082 0 0 _a628 CRC 1987
245 0 0 _aSolid waste disposal and reuse in the United States /
260 _aBoca Raton, Fla. :
_bCRC Press,
_cc1987.
300 _a2 v. :
_bill. ;
_c27 cm.
650 0 _aFactory and trade waste
650 0 _aRefuse and refuse disposal
650 0 _aRecycling (Waste, etc.)
700 1 _aMurarka, Ishwar P.
942 _cAEDBB
999 _c11286
_d11286